00278nam a2200121Ia 4500008004100000100002500041245002300066260002200089300000800111650001300119942000700132999001700139190216s9999||||xx |||||||||||||| ||und|| aHariharan Ashamnnoor 0aGrimminde Kathakal bDc Books Kottayam a424 aKathakal cBK c27892d27892